Psicoanálisis de la amistad

Guardado en:
Detalles Bibliográficos
Autor principal: Lepp, Ignace (Autor)
Formato: Libro
Lenguaje:español
Publicado: Buenos Aires Carlos Lohle 1980
Materias:
Etiquetas: Agregar Etiqueta
Sin Etiquetas, Sea el primero en etiquetar este registro!

MARC

LEADER 00000nam a2200000 a 4500
001 UCW4454
003 CL-VaPUC
008 900409e19800000AG |||||||||||||||||spa|d
082 0 4 |a 177.6  |b LEP  |2 21 
100 |a Lepp, Ignace  |e author  |9 588465 
245 1 0 |a Psicoanálisis de la amistad 
300 |a 139 p 
942 |c BK 
945 |d 19900409 00:00:00 
260 |a Buenos Aires  |b Carlos Lohle  |c 1980 
650 0 |a Amistad  |9 307341 
650 7 |a CONDUCTA ETICA  |2 CL-VaPUC  |9 256932 
650 7 |a SIMPATIA SENTIMIENTO  |2 CL-VaPUC  |9 309201 
583 |a last modification  |c 19900409 00:00:00  |k Rodrigo Vera 
999 |c 218190  |d 218188 
952 |0 0  |1 0  |4 0  |6 177_600000000000000_LEP_1980  |7 0  |8 A  |9 207242  |a BIBEDU  |b BIBEDU  |d 2019-11-15  |i 2750376  |o 177.6 LEP 1980  |p 2750376  |r 2019-11-15  |w 2019-11-15  |y BK  |k EDU